Loading...
Molecular ecology
| Main Author: | |
|---|---|
| Other Authors: | , |
| Format: | Printed Book |
| Language: | Undetermined English |
| Published: |
London
Wiley- black well
2011
|
| Edition: | 2 |
| Subjects: |
| LEADER | 00653nam a2200217Ia 4500 | ||
|---|---|---|---|
| 008 | 140306s9999 xx 000 0 und d | ||
| 020 | |a 978047074336 | ||
| 041 | |a eng | ||
| 082 | |a 574.8 |b FRE/MI | ||
| 100 | |a Freeland, Joanna R | ||
| 700 | |a Kirk, Heather | ||
| 700 | |a Peterson, Stephen | ||
| 245 | |a Molecular ecology | ||
| 250 | |a 2 | ||
| 260 | |a London |b Wiley- black well |c 2011 | ||
| 300 | |a 432 | ||
| 365 | |b Rs.5386/- | ||
| 650 | |a Molecular ecology | ||
| 942 | |2 ddc |c BK | ||
| 999 | |c 123858 |d 123858 | ||
| 952 | |0 0 |1 0 |2 ddc |4 0 |6 574_800000000000000_FREMI |7 0 |9 123708 |a KAUHCV |b KAUHCV |d 2013-10-15 |g 5386.00 |o 574.8 FRE/MI |p KAU_HCV-31139 |r 2014-03-22 |w 2014-03-22 |y BK | ||